People of Deng's China: 1976-1992 - Statistics

General Stats
  • This quiz has been taken 72 times
    3 since last reset
  • The average score is 8 of 15
Answer Stats
Picture Hint Answer % Correct
1919-2017 An Zhiwen
100%
1915-2015 Deng Liqun
100%
1913-2006 Hong Xuezhi
100%
1921-2008 Hua Guofeng
100%
1913-2010 Huang Hua
100%
1942- Hu Jintao
100%
1902-1997 Peng Zhen
100%
1914-1997 Qin Jiwei
100%
1929- Tian Jiyun
100%
1921-2008 Wu Xueqian
100%
1901-1990 Xu Xiangqian
100%
1907-1998 Yang Shangkun
100%
1928- Zhu Rongji
100%
1933-2013 Ni Zhifu
50%
1924-2019 Ye Xuanping
50%
1926-2025 Zou Jiahua
50%
1932-2022 Bao Tong
0%
1908-2007 Bo Yibo
0%
1966- Chai Ling
0%
1911-2005 Chen Guodong
0%
1921-2011 Chen Muhua
0%
1916-1995 Chen Pixian
0%
1915-1999 Chen Xilian
0%
1930-2013 Chen Xitong
0%
1940-2014 Chen Yizi
0%
1914-1986 Chen Yonggui
0%
1945- Chen Yuan
0%
1905-1995 Chen Yun
0%
1929- Chi Haotian
0%
1938-1989 Choekyi Gyaltsen (10th Panchen Lama)
0%
1944- Deng Pufang
0%
1950- Deng Rong
0%
1904-1997 Deng Xiaoping
0%
1904-1992 Deng Yingchao
0%
1929-2012 Ding Guan'gen
0%
1910-2004 Duan Junyi
0%
1913-2015 Du Runsheng
0%
1936-2012 Fang Lizhi
0%
1916-1997 Fang Yi
0%
1909-2000 Geng Biao
0%
1914-2009 Gu Mu
0%
1935- Hao Jianxiu
0%
1923-2014 He Dongchang
0%
1924- He Jingzhi
0%
1935-2023 Hu Fuming
0%
1916-2012 Hu Jiwei
0%
1912-1992 Hu Qiaomu
0%
1929- Hu Qili
0%
1918-2000 Hu Sheng
0%
1915-1989 Hu Yaobang
0%
1938- Jia Chunwang
0%
1926-2022 Jiang Zemin
0%
1923-1995 Ji Dengkui
0%
1915-1995 Kang Shi'en
0%
1908-1983 Liao Chengzhi
0%
1916-2011 Li Desheng
0%
1924-2012 Lin Ruo
0%
1928-2019 Li Peng
0%
1917-2019 Li Rui
0%
1934- Li Ruihuan
0%
1936- Li Tieying
0%
1925-2005 Liu Binyan
0%
1917-2013 Liu Fuzhi
0%
1916-2011 Liu Huaqing
0%
1909-1992 Li Xiannian
0%
1926-2008 Li Ximing
0%
1920-2007 Ma Hong
0%
1899-1992 Nie Rongzhen
0%
1915-2010 Peng Chong
0%
1928-2017 Qian Qichen
0%
1924-2015 Qiao Shi
0%
1918-1991 Qin Benli
0%
1914-2005 Ren Zhongyi
0%
1933- Ruan Chongwu
0%
1927-2005 Rui Xingwen
0%
1917-2026 Song Ping
0%
1909-2005 Song Renqiong
0%
1907-1988 Ulanhu
0%
1925-2025 Wang Bingqian
0%
1969- Wang Dan
0%
1916-2015 Wang Dongxing
0%
1933-2025 Wang Renzhi
0%
1917-1992 Wang Renzhong
0%
1930-2018 Wang Ruilin
0%
1926-2002 Wang Ruoshui
0%
1918-2001 Wang Ruowang
0%
1941- Wang Zhaoguo
0%
1908-1993 Wang Zhen
0%
1916-2015 Wan Li
0%
1913-1989 Wei Guoqing
0%
1950- Wei Jingsheng
0%
1942- Wen Jiabao
0%
1913-1995 Wu De
0%
1968- Wu'er Kaixi
0%
1919-2002 Wu Lengxi
0%
1918-1997 Xiang Nan
0%
1915-1995 Xiong Fu
0%
1913-2002 Xi Zhongxun
0%
1906-1985 Xu Shiyou
0%
1920-2013 Yang Baibing
0%
1911-1994 Yang Dezhi
0%
1926-2018 Yang Rudai
0%
1942- Yan Jiaqi
0%
1931-2023 Yan Mingfu
0%
1917-1994 Yao Yilin
0%
1897-1986 Ye Jianying
0%
1938-2016 Ye Xuanning
0%
1928-2018 Yuan Mu
0%
1915-2013 Yu Guangyuan
0%
1914-1999 Yu Qiuli
0%
1910-2003 Zhang Aiping
0%
1918-2010 Zhang Tingfa
0%
1919-2005 Zhao Ziyang
0%
1907-1989 Zhou Yang
0%
1931-2010 Zhu Houze
0%
No matching quizzes found
Score Distribution
Percent of People with Each Score
Percentile by Number Answered
Your Score History
You have not taken this quiz since the last reset